<?xml version="1.0" encoding="UTF-8"?>
<record
    xmlns:xsi="http://www.w3.org/2001/XMLSchema-instance"
    xsi:schemaLocation="http://www.loc.gov/MARC21/slim http://www.loc.gov/standards/marcxml/schema/MARC21slim.xsd"
    xmlns="http://www.loc.gov/MARC21/slim">

  <leader>03447nam a2200289 a 4500</leader>
  <controlfield tag="003">OSt</controlfield>
  <controlfield tag="005">20251029115545.0</controlfield>
  <controlfield tag="007">cr ||||||a|c|a</controlfield>
  <controlfield tag="008">230518s2019    mx a|||fom||| 001 0 s   d</controlfield>
  <datafield tag="040" ind1=" " ind2=" ">
    <subfield code="e">rda</subfield>
  </datafield>
  <datafield tag="100" ind1="1" ind2=" ">
    <subfield code="9">187097</subfield>
    <subfield code="a">Mora Garc&#xED;a, Karina Yasmine</subfield>
  </datafield>
  <datafield tag="245" ind1="1" ind2="0">
    <subfield code="a">Porvenir de la producci&#xF3;n de semilla de ma&#xED;z en M&#xE9;xico ante el posible cambio al acta 91 de la Uni&#xF3;n Internacional para la Protecci&#xF3;n de las Obtenciones Vegetales /</subfield>
    <subfield code="c">Por Karina Yasmine Mora Garc&#xED;a; director de tesis Rita Schwentesius Rindermann.</subfield>
  </datafield>
  <datafield tag="264" ind1=" " ind2="1">
    <subfield code="a">Chapingo, M&#xE9;xico :</subfield>
    <subfield code="b">El autor,</subfield>
    <subfield code="c">2019</subfield>
  </datafield>
  <datafield tag="300" ind1=" " ind2=" ">
    <subfield code="a">1 recurso en l&#xED;nea (161 p&#xE1;ginas):</subfield>
    <subfield code="b">Cuadros y figuras.</subfield>
  </datafield>
  <datafield tag="336" ind1=" " ind2=" ">
    <subfield code="2">rdacontent</subfield>
    <subfield code="a">texto</subfield>
    <subfield code="b">txt</subfield>
  </datafield>
  <datafield tag="337" ind1=" " ind2=" ">
    <subfield code="2">rdamedia</subfield>
    <subfield code="a">computadora</subfield>
    <subfield code="b">c</subfield>
  </datafield>
  <datafield tag="338" ind1=" " ind2=" ">
    <subfield code="2">rdacarrier</subfield>
    <subfield code="a">recurso en l&#xED;nea</subfield>
    <subfield code="b">cr</subfield>
  </datafield>
  <datafield tag="502" ind1=" " ind2=" ">
    <subfield code="b">MCSR</subfield>
    <subfield code="c">Sociolog&#xED;a</subfield>
    <subfield code="d">2019.</subfield>
    <subfield code="g">MAE</subfield>
  </datafield>
  <datafield tag="504" ind1=" " ind2=" ">
    <subfield code="a">Incluye referencias bibliogr&#xE1;ficas: p&#xE1;ginas -138-145</subfield>
  </datafield>
  <datafield tag="520" ind1=" " ind2=" ">
    <subfield code="a">Ante la necesidad de indagar sobre cu&#xE1;les ser&#xED;an las repercusiones que se presentar&#xE1;n en la producci&#xF3;n de semilla de ma&#xED;z en M&#xE9;xico con la entrada en vigor del Tratado Transpac&#xED;fico, el Tratado de Libre Comercio entre M&#xE9;xico, Estados Unidos y Canad&#xE1;, y el probable cambio al acta UPOV 91, se parti&#xF3; de conocer la problem&#xE1;tica actual en la producci&#xF3;n de semillas en el pa&#xED;s, principalmente aspectos t&#xE9;cnicos, sociales, econ&#xF3;micos, legales y pol&#xED;ticos. Los objetivos de la presente investigaci&#xF3;n fueron: I) Analizar la situaci&#xF3;n de producci&#xF3;n y distribuci&#xF3;n de las semillas de ma&#xED;z de peque&#xF1;os productores; e II) Identificar los retos a los que se enfrentan los productores ante la globalizaci&#xF3;n y proyectar cu&#xE1;les son las alternativas para su beneficio. La investigaci&#xF3;n se realiz&#xF3; en el periodo 2018-2019, y se recurri&#xF3; a diversas estrategias metodol&#xF3;gicas como la investigaci&#xF3;n bibliogr&#xE1;fica, estudios de caso, observaci&#xF3;n y entrevistas con informantes clave, en las que se incluyeron la combinaci&#xF3;n de m&#xE9;todos cualitativos y cuantitativos. De esta manera, se pudo conocer cu&#xE1;les son las problem&#xE1;ticas existentes en la producci&#xF3;n de semilla de ma&#xED;z, las implicaciones al ratificar el TPP-11, T-MEC y UPOV 91, as&#xED; como llegar a proponer acciones que se apliquen en pol&#xED;ticas para beneficiar la producci&#xF3;n de este insumo y proteger la biodiversidad del pa&#xED;s. Como alternativa, para retirar a M&#xE9;xico de la obligatoriedad de cambiar al acta UPO 91, se puede plantear una salvaguarda ante el T-MEC, propuesta desde la C&#xE1;mara de Senadores, adem&#xE1;s de lograr la aprobaci&#xF3;n de la Ley de Protecci&#xF3;n y Fomento del Ma&#xED;z Nativo. Se concluye que, se intenta imponer sobre M&#xE9;xico el car&#xE1;cter de obligatoriedad para adherirse a UPOV 91, se presiona a los agricultores mexicanos a ser parte de convenios internacionales que no representan ni defienden sus derechos de uso e intercambio libre de semillas; la prohibici&#xF3;n de la derivaci&#xF3;n esencial de variedades, la privatizaci&#xF3;n de las semillas es una condici&#xF3;n que da&#xF1;ar&#xE1; al pa&#xED;s y las empresas medianas y peque&#xF1;as son necesarias para la producci&#xF3;n de alimentos.</subfield>
  </datafield>
  <datafield tag="650" ind1=" " ind2="4">
    <subfield code="9">128410</subfield>
    <subfield code="a">Ma&#xED;z</subfield>
    <subfield code="x">Producci&#xF3;n</subfield>
    <subfield code="z">M&#xE9;xico</subfield>
  </datafield>
  <datafield tag="650" ind1=" " ind2="7">
    <subfield code="9">187053</subfield>
    <subfield code="a">Ma&#xED;z</subfield>
    <subfield code="x">Aspectos socioecon&#xF3;micos</subfield>
    <subfield code="z">M&#xE9;xico</subfield>
  </datafield>
  <datafield tag="650" ind1=" " ind2="4">
    <subfield code="9">141323</subfield>
    <subfield code="a">Ma&#xED;z </subfield>
    <subfield code="x">Variedades </subfield>
  </datafield>
  <datafield tag="700" ind1="1" ind2=" ">
    <subfield code="a">Schwentesius Rindermann, Rita</subfield>
    <subfield code="e">director.</subfield>
    <subfield code="9">103302</subfield>
  </datafield>
  <datafield tag="856" ind1=" " ind2=" ">
    <subfield code="u">http://10.13.5.2/tesis/tm/Mora_Garcia_Karina_Yazmine.pdf</subfield>
    <subfield code="z">DESCARGAR PDF</subfield>
  </datafield>
  <datafield tag="942" ind1=" " ind2=" ">
    <subfield code="2">Clasificaci&#xF3;n Universidad Aut&#xF3;noma Chapingo</subfield>
    <subfield code="c">TD</subfield>
  </datafield>
  <datafield tag="999" ind1=" " ind2=" ">
    <subfield code="c">218788</subfield>
    <subfield code="d">218788</subfield>
  </datafield>
  <datafield tag="952" ind1=" " ind2=" ">
    <subfield code="0">0</subfield>
    <subfield code="1">0</subfield>
    <subfield code="2">local</subfield>
    <subfield code="4">0</subfield>
    <subfield code="5">1</subfield>
    <subfield code="7">0</subfield>
    <subfield code="8">TesDigM</subfield>
    <subfield code="a">BD</subfield>
    <subfield code="b">BD</subfield>
    <subfield code="c">E_L</subfield>
    <subfield code="d">2023-06-01</subfield>
    <subfield code="l">0</subfield>
    <subfield code="o">Tesis digital</subfield>
    <subfield code="r">2023-06-01 00:00:00</subfield>
    <subfield code="w">2023-06-01</subfield>
    <subfield code="y">TD</subfield>
  </datafield>
</record>
